| 000 | 00710nam a2200205 a 4500 | ||
|---|---|---|---|
| 005 | 20210223125424.0 | ||
| 008 | 040825s1998 mx r 000 0 spa d | ||
| 020 | _a9687984074 | ||
| 035 | _aUPN01000134379 | ||
| 049 | _aCG | ||
| 050 | 4 |
_aF1233 J8 _bL4.2 |
|
| 100 | 1 |
_aJuárez, Benito, _d1806-1872 |
|
| 245 | 1 | 4 |
_aLas lecturas de Juárez / _cBenito Juárez ; paleografía María de los Angeles Navarrete Calatayud. |
| 260 |
_aMéxico : _bAGN : _bAmigos de los Archivos y Bibliotecas de Oaxaca, _c1998. |
||
| 300 | _a94 p. | ||
| 440 | 0 |
_aCuadernos de acervos ; _v1 |
|
| 500 | _a"Cuaderno de notas de las lecturas de Juárez" | ||
| 600 | 1 | 4 |
_aJUAREZ, BENITO, _d1806-1872 - _vMANUSCRITOS _919781 |
| 905 | _aLibro | ||
| 999 |
_c106530 _d106530 |
||